| 000 | 00712cam a22002534a 4500 | ||
|---|---|---|---|
| 001 | 13443853 | ||
| 003 | OSt | ||
| 005 | 20140310181803.0 | ||
| 008 | 031224s2005 nyua b 001 0 eng | ||
| 010 | _a 2003028002 | ||
| 020 | _a1841933430 | ||
| 040 |
_aDLC _cDLC _dDLC |
||
| 042 |
_apcc _alcac |
||
| 050 | 0 | 0 |
_aGB 401.5 _b.G566 2005 |
| 082 | 0 | 0 |
_aREF 910.02 _bG51 2005 |
| 245 | 1 | 0 |
_aNatural wonders of the world / _cGlover, Dr. Adrian |
| 260 |
_aChina : _bEagle Edition Limited, _cc2005. |
||
| 300 |
_a256 p. _bcol. ill. ; _c28 cm. |
||
| 521 | _a | ||
| 562 | _e1 | ||
| 856 | 4 | 1 |
_3Table of contents _uhttp://www.loc.gov/catdir/toc/ecip0414/2003028002.html |
| 942 |
_2lcc _cBK-GR _kREF |
||
| 999 |
_c3720 _d3720 |
||